Missing Word: Top Grossing Movies (1995) Quiz Stats

Quiz Updated Jan 16, 2015

Challenge
Share
Tweet
Embed
Score 0/20 Timer 02:00
2 Plays Today
Movie Missing Word % Correct
Toy _____Story
99.6%
___ Hard: With a VengeanceDie
97.8%
_____ and SensibilitySense
90.9%
______ KombatMortal
90.1%
Ace Ventura: When ______ CallsNature
86.9%
Crimson ____Tide
80.7%
While You Were ________Sleeping
79.5%
___ ShortyGet
77.6%
__ Monkeys12
77.5%
The _______ of Madison CountyBridges
75.3%
Movie Missing Word % Correct
______ 13Apollo
72.6%
____ MonthsNine
69.4%
Under Siege 2: ____ TerritoryDark
69.1%
Mr. Holland's ____Opus
67.6%
Dangerous _____Minds
61.5%
___ BoysBad
59.1%
Judge _____Dredd
55%
______ ForeverBatman
48.8%
The ________ PresidentAmerican
47%
_____ KnightFirst
22.7%

Today's Daily Dose

Missing Word
1998 A-Z Movies

Word Ladder
5 Vowel Sounds

Quick Pick
Legal Terms

On This Day
June 25th II

You're not logged in!

Compare scores with friends on all Sporcle quizzes.
Join for Free
OR
Log In

You Might Also Like...

Show Comments

Extras

Top Quizzes Today


Score Distribution

Your Account Isn't Verified!

In order to create a playlist on Sporcle, you need to verify the email address you used during registration. Go to your Sporcle Settings to finish the process.

Report this User

Report this user for behavior that violates our Community Guidelines.

Details: